Airlines associated with the 737 MAX-An aviation quiz - Statistics

General Stats
  • This quiz has been taken 309 times
    117 since last reset
  • The average score is 27 of 120
Answer Stats
Country Airline % Correct
Canada Air Canada
90%
USA American
87%
USA United
83%
Ireland Ryanair
77%
USA Southwest
72%
Qatar Qatar Airways
70%
USA Alaska
64%
Turkiye Turkish Airlines
64%
Mexico Aeromexico
59%
China Air China
59%
Ethiopia Ethiopian Airlines
57%
China China Southern
52%
Canada WestJet
52%
Iceland Icelandair
48%
Poland LOT Polish Airlines
46%
South Korea Korean Air
45%
China China Eastern
43%
China China Eastern Yunnan Airlines
43%
Oman Oman Air
43%
Brazil GOL
42%
Singapore Singapore Airlines
42%
Indonesia Lion Air
41%
Thailand Thai Lion Air
41%
United Kingdom British Airways
38%
Morocco Royal Air Maroc
38%
Ireland Norwegian Air International
36%
Norway Norwegian Air Shuttle
36%
Sweden Norwegian Air Sweden
36%
United Arab Emirates FlyDubai
35%
Argentina Aerolineas Argentinas
32%
Luxembourg Luxair
32%
Panama Copa Airlines
30%
Indonesia Garuda Indonesia
30%
China Hainan Airlines
30%
Belgium TUI Belgium
30%
Germany TUI Deutschland
30%
United Kingdom TUI Fly
29%
Netherlands TUI Netherlands
29%
Sweden TUI Nordic
29%
Fiji Fiji Airways
25%
Azerbaijan AZAL Azerbaijan Airlines
23%
Iraq Iraqi Airways
23%
South Korea Jeju Air
23%
Canada Air Transat
22%
Belarus Belavia
22%
Canada Flair
22%
Malaysia Malaysia Airlines
22%
Malta Malta Air
20%
Canada Swoop
20%
China Xiamen Air
20%
Spain Air Europa
19%
India Spice Jet
19%
Turkiye Sun Express
19%
Germany Sun Express Deutschland
19%
Australia Virgin Australia
19%
Mongolia MIAT Mongolian Airlines
17%
Czechia Smartwings
17%
Canada Sunwing Airlines
17%
Ukraine Ukraine International Airlines
17%
India Air India Express
16%
Tanzania Air Tanzania
16%
Poland Enter Air
16%
Mauritania Mauritania Airlines International
16%
Turkiye AnadoluJet
14%
Poland Buzz
14%
China Shanghai Airlines
14%
China Shenzhen Airlines
14%
Cayman Islands Cayman Airways
13%
Rwanda RwandAir
13%
Kazhakstan Scat Airlines
13%
Indonesia Batik Air Indonesia
12%
Malaysia Batik Air Malaysia
12%
Trinidad And Tobago Caribbean Airlines
12%
Saudi Arabia Flynas
12%
Russia S7 Airlines
12%
Singapore Silk Air
12%
Romania Blue Air
10%
South Africa Comair
10%
Turkiye Corendon Airlines
10%
Malta Corendon Airlines Europe
10%
Italy Neos
10%
Dominican Republic Arajet
9%
India Jet Airways
9%
Canada Lynx Air
9%
Cabo Verde TACV Cabo Verde Airlines
9%
Vietnam VietJet Air
9%
Australia Bonza
7%
China Shandong Airlines
7%
Tajikstan Somon Air
7%
South Korea Tway Air
7%
Italy Air Italy
6%
India Akasa Air
6%
Togo Asky
6%
China Urumqi Air
6%
China 9 Air
4%
Egypt FlyEgypt
4%
South Korea Jin Air
4%
China Kunming Airlines
4%
China Lucky Air
4%
Estonia SmartLynx
4%
Malta SmartLynx Malta
4%
Russia Ural Airlines
4%
China Donghai Airlines
3%
South Korea Eastar Jet
3%
Norway flyr
3%
China OK Airways
3%
Samoa Samoa Airways
3%
Turkiye Southwind Airlines
3%
China Air Changan
1%
USA Boeing Company
1%
Falkland Islands Brilliant Aviation
1%
Canada Enerjet
1%
China Fuzhou Airlines
1%
Russia Globus
1%
Switzerland Jet Aviation Business Jets
1%
Russia NordStar Airlines
1%
Denmark Primera Air Scandinavia
1%
India Reliance Industries
1%
Indonesia Sriwijaya Air
1%
Russia UTAir
1%
No matching quizzes found
Score Distribution
Percent of People with Each Score
Percentile by Number Answered
Your Score History
You have not taken this quiz since the last reset